Przystanki w Warszawie - Statystyki

Ogólne statystyki
  • Ten quiz został rozwiązany 42 razy
  • Średni wynik to 9 z 500
Statystyki odpowiedzi
Hint Odpowiedź % Poprawnych
4 Abrahama
15%
245 Dw.Centralny
15%
316 Gocław
15%
7 Afrykańska
12%
177 Conrada
12%
248 Dw.Wschodni
12%
379 Hynka
12%
460 Kijowska
12%
269 Elbląska
12%
317 Gocławek
12%
349 GUS
12%
48 Banacha
9%
70 Bemowo-Ratusz
9%
157 Chomiczówka
9%
90 Bogusławskiego
9%
246 Dw.Gdańsk
9%
247 Dw.Wileńsk
9%
249 Dw.Zachodni
9%
477 Kocjana
9%
484 Koło
9%
498 Konwaliowa
9%
264 EC Siekierki
9%
376 Hoża
9%
499 Konwiktorska
9%
2 11 Listopada
6%
6 Adampolska
6%
8 Agrykola
6%
9 Akcent
6%
15 al.Reymonta
6%
26 Anielewicza
6%
2077 Annopol
6%
44 AWF
6%
64 Bazyliańska
6%
88 Boernerowo
6%
118 Budzińskiej-Tylickiej
6%
155 Chodecka
6%
174 Cm.Wolsk
6%
195 Czerniakowska
6%
201 Czumy
6%
215 Deotymy
6%
66 Belgradzka
6%
102 Branickiego
6%
178 Conrada-Szkoła
6%
187 Czapelska
6%
300 Galla Anonima
6%
310 Gilarska
6%
318 Gocławek Wschodni
6%
347 Grzymalitów
6%
366 Herbsta
6%
375 Hotel Bristol
6%
395 Inżynierska
6%
443 Kazubów
6%
461 Kino Femina
6%
472 Kłobucka
6%
475 Kochanowskiego
6%
493 Kondratowicza
6%
277 Esperanto
6%
283 Falenica
6%
284 Faradaya
6%
319 Gocławska
6%
417 Kadetów
6%
456 Kickiego
6%
457 Kielecka
6%
464 Klarysewska
6%
1 1. Sierpnia
3%
5 Adamieckiego
3%
19 Aleksandrów
3%
14 al.Lotników
3%
11 al.Solidarności
3%
18 al.Zieleniecka
3%
28 Anny German
3%
32 Archimedesa
3%
35 Areszt Śledczy Służewiec
3%
37 Aspekt
3%
39 Ateńska
3%
46 Baleya
3%
49 Banacha-Szpital
3%
55 Bartycka
3%
57 Baseny Inflancka
3%
58 Batalionów Chłopskich
3%
61 Batalionu Platerówek
3%
68 Bełdan
3%
74 Białołęka-Ratusz
3%
80 Bielańska
3%
79 Bielany-Ratusz
3%
84 Bliska
3%
104 Brazylijska
3%
109 Bródno-Podgrodzie
3%
106 Bronowska
3%
108 Brożka
3%
114 Brzezińska
3%
137 Centrum Zdrowia Dziecka
3%
154 Chodakowska
3%
140 CH Promenada
3%
164 Ciszewskiego
3%
165 Cm.Bródnowski
3%
167 Cm.Północny-Brama Gł.
3%
168 Cm.Północny-Brama Płd.
3%
191 Czatów
3%
203 Czynszowa
3%
206 Dalibora
3%
3 1.Praskiego Pułku
3%
20 Alpejska-Instytut
3%
17 al.Witosa
3%
33 Areszt Śledczy Białołęka
3%
36 Arkadyjska
3%
53 Bartnicza
3%
76 Biblioteka Narodowa
3%
81 Bielszowicka
3%
89 Bogatki
3%
92 Bohomolca
3%
110 Bródnowska
3%
105 Bronisława Czecha-Las
3%
124 Bursztynowa-Szpital
3%
129 Bytnara
3%
139 CH Blue City
3%
141 CH Reduta
3%
159 Chrzanów
3%
169 Cm.Północny-Brama Płn.
3%
170 Cm.Północny-Brama Zach.
3%
172 Cm.Wawrzyszewski
3%
175 Cm.Żydowski
3%
182 Cybernetyki
3%
193 Czekoladowa
3%
198 Człuchowska
3%
212 Dąbrówka
3%
228 Dolna
3%
230 Domaniewska
3%
233 Dorodna
3%
257 Dzielna
3%
270 Elekcyjna
3%
273 Emilii Plater
3%
280 Europejska
3%
287 Fieldorfa
3%
291 Foksal
3%
295 Fort Wawrzyszew
3%
324 Goraszewska
3%
327 Gotarda
3%
3334 Grenady
3%
355 Hala Wola
3%
367 Hetmańska
3%
381 Inflancka
3%
397 Iwicka
3%
404 Jesiotrowa
3%
406 Jeziorko Czerniakowskie
3%
423 Kamienna
3%
432 Kapitulna
3%
434 Karczunkowska
3%
442 Kawęczyńska-Bazylika
3%
463 Klamrowa
3%
468 Klemensiewicza
3%
478 Kocjana-Bocznica
3%
485 Kołowa
3%
225 Dobra
3%
227 Dolina Służewiecka
3%
250 Dwernickiego
3%
253 Dywizjonu 303
3%
262 Dzięcioła
3%
259 Dzierzgońska
3%
268 Ekspresowa
3%
271 Elsnerów
3%
275 Erazma z Zakroczymia
3%
279 Etiudy Rewolucyjnej
3%
292 Fort Bema
3%
293 Fort Blizne
3%
294 Fort Radiowo
3%
296 Fort Wola
3%
307 gen.Zajączka
3%
313 Głębocka
3%
321 Golędzinów
3%
329 Górnośląska
3%
331 Grabów
3%
356 Hale Banacha
3%
368 Hipodrom
3%
371 Horbaczewskiego
3%
382 Inowłodzka
3%
385 Instruktorska
3%
390 Instytut Lotnictwa
3%
395 Jagielska
3%
396 Jana Kazimierza
3%
400 Jasielska
3%
416 Kabaty-STP
3%
418 Kadetów-Kościół
3%
419 Kadetów-Szkoła
3%
425 Kampinoska
3%
429 Kanał Nowe Ujście
3%
431 Kapeli
3%
436 Karolkowa
3%
437 Karowa
3%
441 Katowicka
3%
462 Kinowa
3%
476 Kociszewskich
3%
479 Kocjana-Sądy
3%
481 Kolejowa
3%
482 Kolonia Helenów
3%
494 Konduktorska
3%
497 Konstruktorska
3%
10 Al. 3 Maja
0%
12 al.Bohaterów Września (
0%
21 Aluzyjna
0%
16 al.Wielkopolski
0%
22 Ambaras
0%
24 Andersena
0%
29 Anny Jagiellonk
0%
31 Antoniewska
0%
34 Areszt Śledczy Grochów
0%
40 Atrakcyjna
0%
41 Augustów
0%
42 Augustówek
0%
43 Augustówka
0%
45 Bacha
0%
47 Balkonowa
0%
50 Barei
0%
51 Barszczewska
0%
52 Bartłomieja
0%
54 Bartoszycka
0%
56 Bartyki
0%
63 Batumi
0%
65 Beethovena
0%
67 Bellottiego
0%
69 Bełzy
0%
71 Bennetta
0%
72 Berensona
0%
73 Berensona-Kanał
0%
75 Białowiejska
0%
82 Bieżuńska
0%
85 Błota
0%
91 Bohaterewicza
0%
94 Bohuszewiczówny
0%
97 Bora-Komorowskiego
0%
100 Braci Wagów
0%
101 Braci Zawadzkich
0%
111 Bruszewska
0%
121 Bukowskiego
0%
127 Bystra
0%
130 Calowa
0%
131 Celulozy
0%
135 Centrum Onkologii
0%
144 Chabrowa
0%
148 Chęcińska
0%
146 Chełmska
0%
152 Chłopickiego
0%
149 Chlubna
0%
142 CH Targówek
0%
143 CH Ursynów
0%
162 Ciepłownia Wola
0%
204 Ćmielowska
0%
171 Cm.Prawosławny
0%
173 Cm.Włoski
0%
180 Coopera-Przychodnia
0%
205 Ćwiklińskiej
0%
185 Cylichowska
0%
188 Czarnieckiego
0%
190 Czarnuszki
0%
194 Czeremchowa
0%
196 Czerwona Droga
0%
202 Czwartaków
0%
213 Dąbrówka Szlachecka
0%
208 Dankowicka
0%
209 Danusi
0%
210 Darwina
0%
211 Dawidy
0%
13 al.Jana Pawła II
0%
23 Ananasowa
0%
25 Andrutowa
0%
30 Antka Rozpylacza
0%
38 Astronautów
0%
59 Batalionu Ak Bałtyk
0%
60 Batalionu Miotła
0%
62 Batalionu Włochy
0%
77 Biblioteka Uniwersytecka
0%
78 Biegunowa
0%
83 Bitwy Warszawskiej 1920 r.
0%
86 Bobrowiecka
0%
87 Bodycha
0%
93 Bohuna
0%
95 Bokserska
0%
96 Bolesława Krzywoustego
0%
98 Borków
0%
99 Borowiecka
0%
103 Brata Alberta
0%
107 Browarna
0%
112 Bruzdowa-Kościół
0%
113 Brylowska
0%
115 Buchalteryjna
0%
116 Budexpo
0%
117 Budowlana
0%
122 Buków
0%
119 Bukowiecka
0%
120 Bukowińska
0%
123 Buławy
0%
125 Buska
0%
126 Bysławska
0%
128 Bystrzycka
0%
132 | 133 Cementownia
0%
134 Centrum Olimpijskie
0%
136 Centrum Targowe
0%
138 Ceramiczna
0%
145 Chełmońskiego
0%
147 Chemiczna
0%
150 Chłodna
0%
151 Chłodnia
0%
153 Chmielna
0%
156 Chodkiewicza
0%
158 Choszczówka
0%
160 Chudoby
0%
161 Ciepłownia Kawęczyn
0%
163 Ciołkosza
0%
166 Cm.Ofiar Wojny
0%
176 Codzienna
0%
179 Coopera
0%
181 Cukrownicza
0%
183 Cygańska
0%
184 Cyklamenów
0%
186 Cynamonowa
0%
189 Czarnomorska
0%
192 Czekanowska
0%
197 Czerwonych Beretów
0%
199 Czołgistów
0%
200 Czorsztyńska
0%
214 Dąbrówka Wiślana
0%
207 Daniszewska
0%
216 Dębowa
0%
217 Diamentowa
0%
218 Dickensa
0%
221 Długosza
0%
229 Dom Samotnej Matki
0%
238 Drogowa
0%
239 Drohicka
0%
240 Drohobycka
0%
242 Drzeworytników
0%
243 DS Riviera
0%
244 Dunikowskiego
0%
252 Dyrekcja FSO
0%
258 Dzielnicowa
0%
261 Dziewanowska
0%
263 Dzika
0%
266 Echa Leśne
0%
265 EC Żerań
0%
272 Emilii Gierczak
0%
281 Fabryczna
0%
282 Fabryka Pomp
0%
285 Farbiarska
0%
301 Garwolińska
0%
304 Gąsocińska
0%
302 Gawronia
0%
305 Gdecka
0%
306 gen.Maczka
0%
308 Geodezyjna
0%
311 Gizów
0%
314 Głowackiego
0%
315 Gniewkowska
0%
322 Gołkowska
0%
323 Gontarska
0%
330 Grabalówki
0%
336 Grodzisk
0%
337 Grodzisk-Kościół
0%
340 Grójecka
0%
338 Groszówka
0%
339 Groty
0%
341 Gruntowa
0%
343 Gruszy
0%
345 Grzegorzewskiej
0%
350 Gwarków
0%
321 Gwiaździsta
0%
352 Hala Kopińska
0%
353 Hala Mirowska
0%
358 Handlowa
0%
361 Harnasie
0%
365 Henryków
0%
372 Hortensji
0%
373 Hoserów
0%
377 Hubala-Dobrzańskiego
0%
380 Indiry Gandhi
0%
383 Instalatorów
0%
384 Instalatorów-KAM
0%
386 Instytut Energetyki
0%
388 Instytut Hematologii
0%
391 Instytut Neurologii
0%
392 Instytut Reumatologii
0%
391 Jachtowa
0%
393 Jadźwingów
0%
394 Jagiellońska
0%
397 Jara
0%
401 Jasna
0%
402 Jerzego
0%
403 Jesiennych Liści
0%
407 Jeziorowa
0%
408 Joliot-Curie
0%
413 Jurajska
0%
414 Juranda ze Spychowa
0%
420 Kaflowa
0%
421 Kajki
0%
422 Kaloryczna
0%
424 Kamińskiego
0%
427 Kanał Bródnowski
0%
428 Kanał Gocławski
0%
430 Kanał Żerański
0%
433 Karczocha
0%
435 Karolin
0%
438 Kartezjusza
0%
444 Kąty Grodziskie
0%
455 Kępa Zawadowska
0%
458 Kiepury
0%
459 Kierbedzia
0%
465 Klasyków
0%
466 Klasztorna
0%
467 Klaudyny
0%
470 Klimontowska
0%
474 Kobiałka-Szkoła
0%
486 Kombajnistów
0%
487 Komitetu Obrony Robotników
0%
488 Kompasowa
0%
491 Koncertowa
0%
492 Kondracka
0%
495 Konopacka
0%
496 Konotopska
0%
219 DKS Targówek
0%
220 Długorzeczna
0%
223 Dobka z Oleśnicy
0%
224 Dobosza
0%
222 Do Fortu
0%
226 Dojazdowa
0%
231 Domaniewska Office Park
0%
232 Dominikańska
0%
234 Dostawcza
0%
235 Draceny
0%
236 Dragonów
0%
237 Drobiarska
0%
241 Drzewieckiego
0%
251 Dworkowa
0%
254 Działkowa
0%
255 Działyńczyków
0%
256 Dzieci Warszawy
0%
260 Dzierżoniowska
0%
267 Edisona
0%
274 Energetyczna
0%
276 Eskulapów
0%
278 Estrady
0%
286 Felińskiego
0%
288 Figowa
0%
289 Flamenco
0%
290 Floriana
0%
297 Frachtowa
0%
298 | 299 Franciszkańska
0%
303 Gąsek
0%
309 Gierdziejewskiego
0%
312 Glebowa
0%
320 Goleszowska
0%
328 Góralska
0%
325 Gorzykowska
0%
326 Gościeradowska
0%
332 Grawerska
0%
333 Grenadierów
0%
335 Grodkowska
0%
342 Grupy Ak "Północ"
0%
344 Gryfitów
0%
346 Grzybowa
0%
348 Grzymały-Sokołowskiego
0%
354 Hala Sportowa Bemowo
0%
357 Hallera
0%
359 Hanki Ordonówny
0%
360 Harfowa
0%
362 Hassa
0%
363 Henryka Brodatego
0%
364 Henryka Probusa
0%
369 Hłaski
0%
370 Hołubcowa
0%
374 Hospicjum Onkologiczne
0%
378 Hutnicza
0%
387 Instytut Fizyki
0%
389 Instytut Kardiologii
0%
393 Insurekcji
0%
394 Internetowa
0%
396 Iskry
0%
398 IX Poprzeczna
0%
399 Izbicka-Cmentarz
0%
390 Jachowicza
0%
392 Jadwisin
0%
398 Jaracza
0%
399 Jarzębinowa
0%
405 Jeziorki Płn
0%
409 Jontka
0%
410 Jórskiego
0%
411 Juhasów
0%
412 Julianowska
0%
415 Juranda ze Spychowa-szkoła
0%
426 Kamykowa
0%
439 Kasztanowa
0%
440 Katiuszy
0%
454 Keniga
0%
469 Klimatyczna
0%
471 Klub Lira
0%
473 Kobiałka
0%
480 Kolarska
0%
483 Kolumba
0%
489 Komputerowa
0%
490 Konarskiego
0%
Nie znaleziono quizów pasujących do podanych kryteriów
Rozkład punktacji
Procent ludzi z każdym wynikiem
Percentyl według liczby udzielonych odpowiedzi
Twoja historia wyników
Nie rozwiązałeś tego quizu